Tilastot visalle Sanat - "Minä olen muistanut" - Kim Lönnholm

Klikkaa tästä pelataksesi tätä visaa!

Yleistilastot

  • Tätä visaa on pelattu 96 kertaa
  • Keskiarvotulos 50 / 78

Vastaustilastot

Sanat% Oikein
Minä
100%
Minä
100%
Minä
100%
Minä
100%
Minä
100%
muistanut
100%
muistanut
100%
muistanut
100%
muistanut
100%
olen
100%
olen
100%
olen
100%
olen
100%
olen
100%
olen
100%
olen
100%
kipuna
95%
sielussain,
95%
Sinut
95%
sinut
95%
sinut
95%
kiivaana
93%
Suruna
93%
vain
79%
yössä
75%
valona
74%
kuin
70%
kuin
70%
kuin
70%
kuin
70%
kuin
70%
muuta
66%
muuta
66%
enemmän
64%
enemmän
64%
sinua
64%
sinua
64%
ketään
62%
ketään
62%
paljon
59%
Paljon
59%
paljon
59%
muita
56%
muita
56%
niin
54%
niin
54%
Niin
54%
hyvin
52%
tuntenut
52%
tuntenut
52%
Miettinyt
49%
miettinyt
49%
paremmin
48%
paremmin
48%
illoin
44%
kauniina
44%
kuvina
44%
Kaipuuta
43%
Kaipuuta
43%
polttavaa
43%
polttavaa
43%
silloin
43%
valvonut
36%
kuolemaa
34%
unina
34%
tuhat
33%
työtä
33%
Vakavina
33%
yötä
33%
Tehnyt
31%
Elämäni
30%
kylmin
28%
eteenpäin
26%
kintereillä
26%
tyhjää
25%
ajanut
23%
näillä
23%
teillä
23%

Tulosjakauma

Persentiili vastausten määrän mukaan

Jokaisen tuloksen saaneiden osuus

Tuloshistoriasi

Et ole pelannut tätä visaa